00504 2200193 4500001002100000005001500021035002000036007000300056008004100059020002200100082000800122084001400130100002000144245003700164250001100201260004800212300003200260650001800292INLIS00000000000118620210929093859 a0010-0921000085ta210929 d f ind  a978-602-064-702-9 a823 a823 STE b0 aStephenie Meyer1 aBreaking Dawn /cStephenie Meyer acet. 8 aJakarta :bPT Gramedia Pustaka Utama,c2020 a864 hlm. ;c13,5 cm x 20 cm anovel inggris